Developing tourism in the south west region : an industry appraisal /

Uloženo v:
Podrobná bibliografie
Korporativní autor: Australian National Travel Association
Médium: Kniha
Jazyk:English
Vydáno: [Sydney] : Australian National Travel Association, 1973.
Témata:
LEADER 01602cam a2200325 a 4500
001 c000265844
003 CARM
005 20070730163508.0
008 740522s1973 xnaab 000 0 eng d
019 1 |a 1634852  |z 45176516  |5 LACONCORD2021 
020 |a 0959983198 (spiral binding) :  |c $50.00 Aust., $10.00 Aust. to members and libraries 
035 |a (OCoLC)27608862  |5 LACONCORD2021 
040 |a ANB  |b eng  |c ANB  |d NU 
042 |a anuc 
043 |a u-at-we 
050 1 4 |a G155.A8  |b W4 
082 1 4 |a 338.47/9194/1  |2 19 
082 0 4 |a 919.41 
110 2 |a Australian National Travel Association. 
245 1 0 |a Developing tourism in the south west region :  |b an industry appraisal /  |c by the Australian National Travel Association. 
246 3 |a Travel industry appraisal and recommendations :  |b the south west region of Western Australia 
260 |a [Sydney] :  |b Australian National Travel Association,  |c 1973. 
300 |a 97 p. in various pagings :  |b ill., maps (1 folded) ;  |c 30 cm. 
500 |a Tourist industries. South-west Western Australia. Reports with proposals (ANB/PRECIS SIN 600207498) 
500 |a Cover title: Travel industry appraisal and recommendations : the south west region of Western Australia. 
650 0 |a Tourism  |z Western Australia. 
740 0 |a Travel industry appraisal and recommendations; the south west region of Western Australia. 
852 8 |b CARM  |h A1:AO18C0  |i F02491  |p 0382965  |f BK 
999 f f |i 32ca2395-26e4-50c4-97b5-e901e35607cc  |s 47b6c0d0-1e78-5ffb-9820-2bba010fa544 
952 f f |p Can circulate  |a CAVAL  |b CAVAL  |c CAVAL  |d CARM 1 Store  |e F02491  |f A1:AO18C0  |h Other scheme  |i book  |m 0382965